| 000 | 00498nam a2200193Ia 4500 | ||
|---|---|---|---|
| 003 | OSt | ||
| 005 | 20231012123704.0 | ||
| 008 | 231012b ||||| |||| 00| 0 eng d | ||
| 020 | _a0879695765 | ||
| 040 | _cAL | ||
| 041 | _aeng | ||
| 082 |
_223 _a575.10724 _bSAMM |
||
| 100 |
_aJoseph Sambrook _9137699 |
||
| 245 | _aMolecular cloning | ||
| 250 | _a3rd ed. | ||
| 260 |
_aNew York _bCold spring harbor laboratory press _c2001 |
||
| 650 |
_2Biology _aMolecular Biology _9137700 |
||
| 942 |
_2ddc _cBK |
||
| 999 |
_c171189 _d171189 |
||